|
|
|
|
| LEADER |
00000nam0a2200000 4500 |
| 001 |
327160 |
| 005 |
20231102003931.0 |
| 035 |
|
|
|a (RuTPU)RU\TPU\book\352820
|
| 090 |
|
|
|a 327160
|
| 100 |
|
|
|a 20170125d2016 k y0rusy50 ca
|
| 101 |
0 |
|
|a rus
|
| 102 |
|
|
|a RU
|
| 105 |
|
|
|a y dm 001zy
|
| 200 |
1 |
|
|a Разработка методов исследования и оценки инновационной культуры как фактора конкурентоспособности промышленных предприятий
|e автореферат диссертации на соискание ученой степени кандидата экономических наук
|e спец. 08.00.05
|f С. А. Меленькина
|g Академия труда и социальных отношений (АТиСО) , Уральский социально-экономический институт (УрСЭИ) ; науч. рук. П. П. Лутовинов
|
| 210 |
|
|
|a Челябинск
|c [Б. и.]
|d 2016
|
| 215 |
|
|
|a 24 с.
|
| 300 |
|
|
|a Защита сост. 23.12.2016 г.
|
| 320 |
|
|
|a Библиогр.: с. 23-24 (16 назв.)
|
| 606 |
1 |
|
|a Предприятия
|x Инновационная деятельность
|2 stltpush
|3 (RuTPU)RU\TPU\subj\70933
|9 85078
|
| 610 |
1 |
|
|a промышленные предприятия
|
| 610 |
1 |
|
|a инновации
|
| 610 |
1 |
|
|a конкурентоспособность
|
| 610 |
1 |
|
|a инновационная культура
|
| 610 |
1 |
|
|a экспертные оценки
|
| 610 |
1 |
|
|a управление
|
| 610 |
1 |
|
|a авторефераты диссертаций
|
| 686 |
|
|
|a У9(2)29
|v LBC/SL-A
|2 rubbk
|
| 686 |
|
|
|a 08.00.05
|2 oksvnk
|
| 700 |
|
1 |
|a Меленькина
|b С. А.
|g Светлана Анатольевна
|
| 702 |
|
1 |
|a Лутовинов
|b П. П.
|g Павел Павлович
|4 727
|
| 712 |
0 |
2 |
|a Академия труда и социальных отношений (АТиСО)
|b Уральский социально-экономический институт (УрСЭИ)
|c (Челябинск)
|2 stltpush
|3 (RuTPU)RU\TPU\col\22172
|
| 801 |
|
1 |
|a RU
|b 63413507
|c 20170125
|
| 801 |
|
2 |
|a RU
|b 63413507
|c 20170208
|g RCR
|
| 942 |
|
|
|c BK
|